000 00317nam a22001457a 4500
008 210527b ||||| |||| 00| 0 eng d
020 _a2901560277636
041 _aeng
080 _25th
_a34
082 _a34
100 _a16
101 _aJUR
245 _aPractical Aviation Law
_cHamilton,J.S
942 _2udc
_cBK
999 _c57697
_d57697